Ökonomie und Mathematik Rudolf Henn zum 65. Geburstag

Gespeichert in:
Bibliographische Detailangaben
Format: Buch
Sprache:Deutsch
Veröffentlicht: Berlin Springer 1987
Tags: Tag hinzufügen
Keine Tags, Fügen Sie das erste Tag hinzu!

MARC

LEADER 00000nam a2200000 4500
001 c032788
005 20260326133535.1
041 0 |a ger 
044 |a DE 
245 1 0 |a Ökonomie und Mathematik  |b Rudolf Henn zum 65. Geburstag  |c Red. O. Opitz, B. Rauhut 
264 1 |a Berlin  |b Springer  |c 1987 
300 |a 648 s.